000 00707nam a2200205Ii 4500
003 JO-AjNU
008 230605s9999||||xx |||||||||||||| ||und||
040 _aJO-AjNU
_bara
_erda
_cJO-AjNU
041 _aara
050 1 4 _aBP173.4.A276
100 3 _aالأبراشي، محمد عطية,
_eauthor
_917992
245 0 0 _aمكانة المرأة في الإسلام
264 3 1 _aبيروت: منشورات المكتبة العصرية، د.ت
300 _a126ص
336 _atext
_btxt
_2rdacontent
337 _aunmediated
_bn
_2rdamedia
338 _avolume
_bnc
_2rdacarrier
490 0 _aسلسلة الاعمال الدينية
650 4 _aالاسلام والمرأة- حقوق المرأة
_917993
999 _aA5671
_c9239
_d9239